| 000 | 004230000a22001570004500 | ||
|---|---|---|---|
| 020 | _a958-601-781-8 | ||
| 041 | 0 | _aSPA | |
| 082 | 0 | 4 | _aG 980.46 A6624p |
| 100 | 1 | _aArango, Raúl | |
| 245 | 1 | 0 | _aLos pueblos indígenas de Colombia 1997 : Desarrollo y territorio / Raúl Arango, Enrique Sánchez |
| 260 | _aColombia : Tercer Mundo | ||
| 300 | _a334 Pág. | ||
| 650 | 1 | 4 | _aINDIGENAS - COLOMBIA |
| 001 | 14441 | ||
| 942 | _cBK | ||
| 999 |
_c43304 _d43304 |
||